000 00534nam a2200193Ia 4500
005 20250508154320.0
008 008 250505s9999 xx 000 0 eng d
037 _aTextual
040 _aFEDL
_beng
_cFEDL
041 _aeng
_2eng
084 _a330, ROD
_qFEDL
100 _aRobbins Lord
245 0 _aPolitics and economics: Papers in political economy
260 _aLondon, UK
_bMacmillan and Co. Ltd.
_c1963
300 _aix,230p
650 _aEconomics
942 _cTEXL
_h330, ROD
999 _c1349545
_d1349545